书目信息 |
| 题名: |
一六四零年英国革命史
|
|
| 作者: | [法]基佐 著 | |
| 分册: | ||
| 出版信息: | 北京 商务印书馆 1985.08 |
|
| 页数: | 465页 | |
| 开本: | 32开 | |
| 丛书名: | ||
| 单 册: | ||
| 中图分类: | K561.41 | |
| 科图分类: | ||
| 主题词: | 西欧--历史 | |
| 电子资源: | ||
| ISBN: | 7-100-02399-8 | |
| 000 | 00564nam0 2200193 45 | |
| 001 | 0009142002 | |
| 005 | 20000914201954.6 | |
| 010 | @a7-100-02399-8@d17.30元 | |
| 100 | @a20000914d1985 km y0chiy0120 ea | |
| 101 | 0 | @achi |
| 105 | @a z 000yy | |
| 200 | 1 | @a一六四零年英国革命史@AYi Liu Si Ling Nian Ying Guo Ge Ming Shi@f[法]基佐著@F[Fa]Ji Zuo Zhu |
| 210 | @a北京@c商务印书馆@d1985.08 | |
| 215 | @a465页@d32开 | |
| 606 | 0 | @a西欧@x历史 |
| 690 | @aK561.41@v3 | |
| 701 | 0 | @a[法]基佐@4著 |
| 801 | @aCN@bPftUser@c20000914 | |
| 905 | @b142832-834@dK561.41@eJ.648@f3 | |
| 一六四零年英国革命史/[法]基佐著.-北京:商务印书馆,1985.08 |
| 465页;32开 |
| ISBN 7-100-02399-8:17.30元 |
| ● |
| 相关链接 |
|
|
|
正题名:一六四零年英国革命史
索取号:K561.41/J.648
 
预约/预借
| 序号 | 登录号 | 条形码 | 馆藏地/架位号 | 状态 | 备注 |
| 1 | 142832 | 201428320 | 社科库309/309社科库 40排7列5层/ [索取号:K561.41/J.648] | 在馆 | |
| 2 | 142833 | 201428339 | 社科库309/309社科库 40排7列5层/ [索取号:K561.41/J.648] | 在馆 | |
| 3 | 142834 | 201428348 | 社科库309/309社科库 40排7列5层/ [索取号:K561.41/J.648] | 在馆 |